[Event "Meesterklasse; Amevo Apeldoorn - LSG"]
[Site "Bunschoten-Spakenburg, Netherlands"]
[Date "2023.04.22"]
[Round "1.5"]
[White "Schoppen, Casper"]
[Black "Pruijssers, Roeland"]
[Result "1/2-1/2"]
[WhiteElo "2498"]
[BlackElo "2537"]

1. e4 {[%clk 01:30:52]} {[%emt 00:00:07]} e5 {[%clk 01:30:50]} {[%emt
00:00:09]} 2. Nf3 {[%clk 01:31:16]} {[%emt 00:00:07]} Nf6 {[%clk 01:31:11]}
{[%emt 00:00:09]} 3. d4 {[%clk 01:30:24]} {[%emt 00:01:23]} Nxe4 {[%clk
01:31:20]} {[%emt 00:00:21]} 4. Bd3 {[%clk 01:30:27]} {[%emt 00:00:27]} Nc6
{[%clk 01:31:38]} {[%emt 00:00:12]} 5. d5 {[%clk 01:13:25]} {[%emt 00:17:33]}
Nf6 {[%clk 01:25:52]} {[%emt 00:06:15]} 6. dxc6 {[%clk 01:09:08]} {[%emt
00:04:47]} e4 {[%clk 01:25:54]} {[%emt 00:00:28]} 7. O-O {[%clk 00:59:55]}
{[%emt 00:09:44]} dxc6 {[%clk 00:59:50]} {[%emt 00:26:33]} 8. Qe2 {[%clk
00:40:42]} {[%emt 00:19:43]} Qe7 {[%clk 00:59:50]} {[%emt 00:00:31]} 9. Nc3
{[%clk 00:40:34]} {[%emt 00:00:38]} exd3 {[%clk 00:51:41]} {[%emt 00:08:38]} 10.
Qxd3 {[%clk 00:40:45]} {[%emt 00:00:19]} Qd6 {[%clk 00:52:00]} {[%emt
00:00:11]} 11. Re1+ {[%clk 00:38:32]} {[%emt 00:02:44]} Be6 {[%clk 00:50:30]}
{[%emt 00:01:59]} 12. Qe3 {[%clk 00:36:06]} {[%emt 00:02:56]} Be7 {[%clk
00:45:24]} {[%emt 00:05:35]} 13. Nd4 {[%clk 00:29:28]} {[%emt 00:07:08]} Nd5
{[%clk 00:32:41]} {[%emt 00:13:13]} 14. Nxd5 {[%clk 00:25:31]} {[%emt
00:04:27]} cxd5 {[%clk 00:33:04]} {[%emt 00:00:07]} 15. Nxe6 {[%clk 00:24:20]}
{[%emt 00:01:41]} fxe6 {[%clk 00:32:49]} {[%emt 00:00:45]} 16. Qxe6 {[%clk
00:20:25]} {[%emt 00:04:26]} Qxe6 {[%clk 00:32:54]} {[%emt 00:00:24]} 17. Rxe6
{[%clk 00:20:53]} {[%emt 00:00:03]} Kf7 {[%clk 00:29:19]} {[%emt 00:04:05]} 18.
Re2 {[%clk 00:19:21]} {[%emt 00:02:02]} Bf6 {[%clk 00:29:27]} {[%emt 00:00:22]}
19. Bf4 {[%clk 00:18:25]} {[%emt 00:01:26]} Rhe8 {[%clk 00:27:57]} {[%emt
00:02:00]} 20. Kf1 {[%clk 00:14:05]} {[%emt 00:04:50]} Rxe2 {[%clk 00:26:03]}
{[%emt 00:02:24]} 21. Kxe2 {[%clk 00:14:33]} {[%emt 00:00:02]} Re8+ {[%clk
00:26:25]} {[%emt 00:00:08]} 22. Kf3 {[%clk 00:08:13]} {[%emt 00:06:50]} Re6
{[%clk 00:16:30]} {[%emt 00:10:25]} 23. Rd1 {[%clk 00:06:36]} {[%emt 00:02:07]}
Ra6 {[%clk 00:13:26]} {[%emt 00:03:34]} 24. Rxd5 {[%clk 00:04:39]} {[%emt
00:02:28]} Rxa2 {[%clk 00:13:53]} {[%emt 00:00:03]} 25. Rd7+ {[%clk 00:02:28]}
{[%emt 00:02:41]} Ke6 {[%clk 00:14:10]} {[%emt 00:00:13]} 26. Rxc7 {[%clk
00:02:53]} {[%emt 00:00:06]} Rxb2 {[%clk 00:14:36]} {[%emt 00:00:04]} 27. g4
{[%clk 00:01:51]} {[%emt 00:01:32]} a5 {[%clk 00:09:38]} {[%emt 00:05:27]} 28.
g5 {[%clk 00:02:00]} {[%emt 00:00:21]} Be7 {[%clk 00:09:01]} {[%emt 00:01:07]}
29. Be5 {[%clk 00:01:52]} {[%emt 00:00:39]} Rb5 {[%clk 00:08:24]} {[%emt
00:01:06]} 30. Bxg7 {[%clk 00:02:13]} {[%emt 00:00:10]} Bd6 {[%clk 00:06:50]}
{[%emt 00:02:04]} 31. Rc8 {[%clk 00:01:47]} {[%emt 00:00:56]} Rxg5 {[%clk
00:07:17]} {[%emt 00:00:03]} 32. Bd4 {[%clk 00:01:37]} {[%emt 00:00:40]} Bxh2
{[%clk 00:05:01]} {[%emt 00:02:46]} 33. c4 {[%clk 00:01:46]} {[%emt 00:00:21]}
Rf5+ {[%clk 00:03:42]} {[%emt 00:01:49]} 34. Ke4 {[%clk 00:01:40]} {[%emt
00:00:36]} Rf4+ {[%clk 00:04:07]} {[%emt 00:00:06]} 35. Ke3 {[%clk 00:01:34]}
{[%emt 00:00:36]} Rf7 {[%clk 00:04:16]} {[%emt 00:00:21]} 36. Ke4 {[%clk
00:01:20]} {[%emt 00:00:44]} Bd6 {[%clk 00:03:51]} {[%emt 00:00:54]} 37. Re8+
{[%clk 00:01:02]} {[%emt 00:00:48]} Kd7 {[%clk 00:04:01]} {[%emt 00:00:21]} 38.
Ra8 {[%clk 00:01:26]} {[%emt 00:00:06]} Bc7 {[%clk 00:03:30]} {[%emt 00:01:01]}
39. Kd5 {[%clk 00:00:58]} {[%emt 00:00:58]} Rf5+ {[%clk 00:01:52]} {[%emt
00:02:09]} 40. Ke4 {[%clk 00:01:27]} {[%emt 00:00:01]} Rf4+ {[%clk 00:02:13]}
{[%emt 00:00:09]} 41. Kd5 {[%clk 00:01:00]} {[%emt 00:00:57]} Rh4 {[%clk
00:23:39]} {[%emt 00:09:04]} 42. Be5 {[%clk 00:16:49]} {[%emt 00:14:41]} Bxe5
{[%clk 00:24:00]} {[%emt 00:00:09]} 43. Kxe5 {[%clk 00:17:15]} {[%emt
00:00:04]} Rxc4 {[%clk 00:24:24]} {[%emt 00:00:05]} 44. Rxa5 {[%clk 00:17:39]}
{[%emt 00:00:07]} h5 {[%clk 00:24:51]} {[%emt 00:00:04]} 45. f4 {[%clk
00:16:47]} {[%emt 00:01:21]} h4 {[%clk 00:25:10]} {[%emt 00:00:11]} 46. Rd5+
{[%clk 00:15:30]} {[%emt 00:01:47]} Ke8 {[%clk 00:21:54]} {[%emt 00:03:45]} 47.
Rd3 {[%clk 00:14:10]} {[%emt 00:01:50]} Rc6 {[%clk 00:20:39]} {[%emt 00:01:45]}
48. Rb3 {[%clk 00:13:23]} {[%emt 00:01:17]} b6 {[%clk 00:20:29]} {[%emt
00:00:40]} 49. Kf5 {[%clk 00:13:34]} {[%emt 00:00:18]} Kf7 {[%clk 00:17:34]}
{[%emt 00:03:26]} 50. Ke4 {[%emt 00:00:14]} 1/2-1/2

[Event "Meesterklasse; Amevo Apeldoorn - LSG"]
[Site "Bunschoten-Spakenburg, Netherlands"]
[Date "2023.04.22"]
[Round "1.6"]
[White "Beerdsen, Thomas"]
[Black "Pijpers, Arthur"]
[Result "1-0"]
[WhiteElo "2523"]
[BlackElo "2474"]

1. e4 {[%clk 01:30:57]} {[%emt 00:00:01]} c5 {[%clk 01:30:55]} {[%emt
00:00:06]} 2. Nf3 {[%clk 01:31:21]} {[%emt 00:00:05]} g6 {[%clk 01:31:22]}
{[%emt 00:00:04]} 3. c3 {[%clk 01:30:45]} {[%emt 00:01:05]} d5 {[%clk
01:31:39]} {[%emt 00:00:13]} 4. e5 {[%clk 01:30:37]} {[%emt 00:00:37]} Bg4
{[%clk 01:31:33]} {[%emt 00:00:37]} 5. d4 {[%clk 01:25:34]} {[%emt 00:05:33]}
Nc6 {[%clk 01:31:23]} {[%emt 00:00:41]} 6. Be2 {[%clk 01:14:01]} {[%emt
00:12:01]} Bxf3 {[%clk 01:16:59]} {[%emt 00:14:56]} 7. Bxf3 {[%clk 01:14:18]}
{[%emt 00:00:13]} e6 {[%clk 01:17:24]} {[%emt 00:00:04]} 8. Be3 {[%clk
01:08:33]} {[%emt 00:06:14]} Nge7 {[%clk 01:09:55]} {[%emt 00:08:00]} 9. g4
{[%clk 01:02:54]} {[%emt 00:06:08]} Bg7 {[%clk 01:08:17]} {[%emt 00:02:09]} 10.
Be2 {[%clk 00:58:56]} {[%emt 00:04:28]} cxd4 {[%clk 00:58:57]} {[%emt
00:09:50]} 11. cxd4 {[%clk 00:58:44]} {[%emt 00:00:41]} f6 {[%clk 00:59:23]}
{[%emt 00:00:05]} 12. f4 {[%clk 00:54:20]} {[%emt 00:04:53]} fxe5 {[%clk
00:55:03]} {[%emt 00:04:51]} 13. fxe5 {[%clk 00:54:16]} {[%emt 00:00:33]} h5
{[%clk 00:41:39]} {[%emt 00:13:55]} 14. Nd2 {[%clk 00:37:10]} {[%emt 00:17:35]}
hxg4 {[%clk 00:29:11]} {[%emt 00:12:58]} 15. Bxg4 {[%clk 00:37:15]} {[%emt
00:00:24]} Nf5 {[%clk 00:28:51]} {[%emt 00:00:51]} 16. Bxf5 {[%clk 00:37:03]}
{[%emt 00:00:41]} gxf5 {[%clk 00:29:18]} {[%emt 00:00:04]} 17. Nf3 {[%clk
00:29:18]} {[%emt 00:08:15]} Qd7 {[%clk 00:27:05]} {[%emt 00:02:44]} 18. Qd2
{[%clk 00:24:35]} {[%emt 00:05:11]} O-O-O {[%clk 00:24:45]} {[%emt 00:02:51]}
19. h4 {[%clk 00:23:19]} {[%emt 00:01:46]} Kb8 {[%clk 00:23:15]} {[%emt
00:02:00]} 20. O-O-O {[%clk 00:23:04]} {[%emt 00:00:44]} f4 {[%clk 00:20:00]}
{[%emt 00:03:46]} 21. Bf2 {[%clk 00:19:58]} {[%emt 00:03:35]} Bh6 {[%clk
00:20:28]} {[%emt 00:00:02]} 22. Kb1 {[%clk 00:18:46]} {[%emt 00:01:40]} Rhg8
{[%clk 00:19:42]} {[%emt 00:01:18]} 23. a3 {[%clk 00:11:38]} {[%emt 00:07:38]}
Rg2 {[%clk 00:18:25]} {[%emt 00:01:48]} 24. Rhg1 {[%clk 00:10:38]} {[%emt
00:01:30]} Qh7+ {[%clk 00:17:54]} {[%emt 00:01:01]} 25. Ka2 {[%clk 00:10:52]}
{[%emt 00:00:15]} Rxg1 {[%clk 00:17:45]} {[%emt 00:00:40]} 26. Rxg1 {[%clk
00:11:09]} {[%emt 00:00:12]} Qe4 {[%clk 00:16:12]} {[%emt 00:02:03]} 27. Qd1
{[%clk 00:10:04]} {[%emt 00:01:35]} Na5 {[%clk 00:13:22]} {[%emt 00:03:20]} 28.
h5 {[%clk 00:08:13]} {[%emt 00:02:20]} Rc8 {[%clk 00:09:22]} {[%emt 00:04:31]}
29. Be1 {[%clk 00:03:44]} {[%emt 00:04:59]} Nc4 {[%clk 00:09:21]} {[%emt
00:00:32]} 30. Bb4 {[%clk 00:02:20]} {[%emt 00:01:53]} Ne3 {[%clk 00:04:25]}
{[%emt 00:05:26]} 31. Bd6+ {[%clk 00:02:21]} {[%emt 00:00:29]} Ka8 {[%clk
00:04:54]} 32. Qa4 {[%clk 00:01:59]} {[%emt 00:00:52]} Nc4 {[%clk 00:03:46]}
{[%emt 00:01:39]} 33. Qd7 {[%clk 00:01:39]} {[%emt 00:00:50]} Nb6 {[%clk
00:03:50]} {[%emt 00:00:27]} 34. Qxe6 {[%clk 00:01:57]} {[%emt 00:00:11]} Qxf3
{[%clk 00:03:34]} {[%emt 00:00:46]} 35. Rg8 {[%clk 00:01:26]} {[%emt 00:01:01]}
Bf8 {[%clk 00:02:11]} {[%emt 00:01:52]} 36. Rxf8 {[%clk 00:01:30]} {[%emt
00:00:26]} Rxf8 {[%clk 00:02:40]} {[%emt 00:00:02]} 37. Bxf8 {[%clk 00:01:53]}
{[%emt 00:00:07]} Qxh5 {[%clk 00:02:46]} {[%emt 00:00:24]} 38. Bg7 {[%clk
00:00:48]} {[%emt 00:01:35]} Kb8 {[%clk 00:02:12]} {[%emt 00:01:04]} 39. Qd6+
{[%clk 00:01:13]} {[%emt 00:00:05]} Kc8 {[%clk 00:02:41]} {[%emt 00:00:02]} 40.
e6 {[%clk 00:01:25]} {[%emt 00:00:17]} Qe2 {[%clk 00:00:32]} {[%emt 00:02:39]}
41. Qf8+ {[%clk 00:01:35]} {[%emt 00:00:20]} Kc7 {[%clk 00:28:50]} {[%emt
00:02:13]} 42. Be5+ {[%clk 00:31:55]} {[%emt 00:00:10]} Kc6 {[%clk 00:29:14]}
{[%emt 00:00:06]} 43. Qc5# {[%clk 00:32:21]} {[%emt 00:00:04]} 1-0

[Event "Meesterklasse; Amevo Apeldoorn - LSG"]
[Site "Bunschoten-Spakenburg, Netherlands"]
[Date "2023.04.22"]
[Round "1.7"]
[White "Swinkels, Robin"]
[Black "Van Delft, Merijn"]
[Result "1/2-1/2"]
[WhiteElo "2525"]
[BlackElo "2367"]

1. d4 {[%clk 01:30:58]} {[%emt 00:00:01]} Nf6 {[%clk 01:30:32]} {[%emt
00:00:28]} 2. c4 {[%clk 01:31:17]} {[%emt 00:00:12]} g6 {[%clk 01:30:57]}
{[%emt 00:00:04]} 3. Nc3 {[%clk 01:31:25]} {[%emt 00:00:22]} Bg7 {[%clk
01:31:13]} {[%emt 00:00:14]} 4. e4 {[%clk 01:31:52]} {[%emt 00:00:04]} d6
{[%clk 01:31:32]} {[%emt 00:00:10]} 5. Nf3 {[%clk 01:32:12]} {[%emt 00:00:11]}
O-O {[%clk 01:31:43]} {[%emt 00:00:15]} 6. Be2 {[%clk 01:32:39]} {[%emt
00:00:08]} e5 {[%clk 01:31:31]} {[%emt 00:00:42]} 7. Be3 {[%clk 01:33:05]}
{[%emt 00:00:05]} exd4 {[%clk 01:31:19]} {[%emt 00:00:42]} 8. Nxd4 {[%clk
01:33:31]} {[%emt 00:00:04]} Re8 {[%clk 01:31:33]} {[%emt 00:00:14]} 9. f3
{[%clk 01:32:37]} {[%emt 00:01:26]} c6 {[%clk 01:30:55]} {[%emt 00:01:07]} 10.
Bf2 {[%clk 01:33:01]} {[%emt 00:00:06]} d5 {[%clk 01:30:46]} {[%emt 00:00:39]}
11. exd5 {[%clk 01:33:22]} {[%emt 00:00:09]} cxd5 {[%clk 01:30:57]} {[%emt
00:00:18]} 12. O-O {[%clk 01:33:33]} {[%emt 00:00:20]} Nc6 {[%clk 01:30:43]}
{[%emt 00:00:43]} 13. c5 {[%clk 01:33:13]} {[%emt 00:00:50]} Nh5 {[%clk
01:30:24]} {[%emt 00:00:48]} 14. Qd2 {[%clk 01:32:00]} {[%emt 00:01:44]} Be5
{[%clk 01:29:28]} {[%emt 00:01:24]} 15. g3 {[%clk 01:32:16]} {[%emt 00:00:16]}
Ng7 {[%clk 01:29:22]} {[%emt 00:00:35]} 16. Rfd1 {[%clk 01:32:18]} {[%emt
00:00:28]} Bf5 {[%clk 01:28:03]} {[%emt 00:01:48]} 17. Rac1 {[%clk 01:31:52]}
{[%emt 00:00:57]} Bxd4 {[%clk 01:23:12]} {[%emt 00:05:21]} 18. Bxd4 {[%clk
01:30:57]} {[%emt 00:01:25]} Ne6 {[%clk 01:21:52]} {[%emt 00:01:49]} 19. Bf2
{[%clk 01:31:13]} {[%emt 00:00:15]} d4 {[%clk 01:22:04]} {[%emt 00:00:16]} 20.
Nb5 {[%clk 01:29:34]} {[%emt 00:02:10]} Qf6 {[%clk 01:21:28]} {[%emt 00:01:04]}
21. h4 {[%clk 00:45:03]} {[%emt 00:45:03]} d3 {[%clk 01:04:03]} {[%emt
00:17:55]} 22. Bxd3 {[%clk 00:41:39]} {[%emt 00:03:54]} Bxd3 {[%clk 01:01:38]}
{[%emt 00:02:54]} 23. Qxd3 {[%clk 00:42:05]} {[%emt 00:00:04]} Ne5 {[%clk
00:50:15]} {[%emt 00:11:52]} 24. Qc3 {[%clk 00:40:10]} {[%emt 00:02:26]} Nxf3+
{[%clk 00:45:48]} {[%emt 00:04:57]} 25. Kg2 {[%clk 00:38:49]} {[%emt 00:01:52]}
Nxh4+ {[%clk 00:26:30]} {[%emt 00:19:48]} 26. Kf1 {[%clk 00:34:20]} {[%emt
00:04:59]} Qxc3 {[%clk 00:11:48]} {[%emt 00:15:11]} 27. Rxc3 {[%clk 00:25:00]}
{[%emt 00:09:51]} Nf5 {[%clk 00:12:05]} {[%emt 00:00:12]} 28. g4 {[%clk
00:25:28]} {[%emt 00:00:03]} Ne7 {[%clk 00:11:31]} {[%emt 00:01:04]} 29. Rd7
{[%clk 00:24:33]} {[%emt 00:01:26]} Nc6 {[%clk 00:11:46]} {[%emt 00:00:14]} 30.
Nd6 {[%clk 00:20:12]} {[%emt 00:04:51]} Re7 {[%clk 00:11:14]} {[%emt 00:01:02]}
31. Rxe7 {[%clk 00:18:36]} {[%emt 00:02:06]} Nxe7 {[%clk 00:11:41]} {[%emt
00:00:02]} 32. Nxb7 {[%clk 00:08:07]} {[%emt 00:11:01]} Rb8 {[%clk 00:11:30]}
{[%emt 00:00:38]} 33. c6 {[%clk 00:06:31]} {[%emt 00:02:09]} Nxc6 {[%clk
00:11:10]} {[%emt 00:00:49]} 34. Rxc6 {[%clk 00:06:59]} {[%emt 00:00:03]} Rxb7
{[%clk 00:11:31]} {[%emt 00:00:08]} 35. b3 {[%clk 00:07:27]} {[%emt 00:00:02]}
Nc7 {[%clk 00:09:10]} {[%emt 00:02:50]} 36. Bd4 {[%clk 00:04:41]} {[%emt
00:03:17]} Kf8 {[%clk 00:07:49]} {[%emt 00:01:50]} 37. Be5 {[%clk 00:04:46]}
{[%emt 00:00:26]} Ne6 {[%clk 00:07:56]} {[%emt 00:00:22]} 38. Bf6 {[%clk
00:03:58]} {[%emt 00:01:18]} Ke8 {[%clk 00:08:13]} {[%emt 00:00:13]} 39. Rc8+
{[%clk 00:03:54]} {[%emt 00:00:35]} Kd7 {[%clk 00:08:32]} {[%emt 00:00:08]} 40.
Rh8 {[%clk 00:03:44]} {[%emt 00:00:43]} h5 {[%clk 00:01:11]} {[%emt 00:07:51]}
41. gxh5 {[%clk 00:00:55]} {[%emt 00:03:19]} gxh5 {[%clk 00:30:21]} {[%emt
00:01:20]} 42. Rxh5 {[%clk 00:30:12]} {[%emt 00:01:13]} Kc6 {[%clk 00:29:04]}
{[%emt 00:01:46]} 43. Ra5 {[%clk 00:28:19]} {[%emt 00:02:23]} Rb5 {[%clk
00:27:27]} {[%emt 00:02:07]} 1/2-1/2

[Event "Meesterklasse; Amevo Apeldoorn - LSG"]
[Site "Bunschoten-Spakenburg, Netherlands"]
[Date "2023.04.22"]
[Round "1.8"]
[White "Rijnaarts, Sjef"]
[Black "Nikolic, Predrag"]
[Result "0-1"]
[WhiteElo "2293"]
[BlackElo "2526"]

1. e4 {[%clk 01:30:57]} {[%emt 00:00:03]} e6 {[%clk 01:30:54]} {[%emt
00:00:06]} 2. d4 {[%clk 01:31:16]} {[%emt 00:00:11]} d5 {[%clk 01:31:20]}
{[%emt 00:00:04]} 3. Nc3 {[%clk 01:31:35]} {[%emt 00:00:11]} Bb4 {[%clk
01:31:43]} {[%emt 00:00:06]} 4. e5 {[%clk 01:31:44]} {[%emt 00:00:22]} c5
{[%clk 01:32:07]} {[%emt 00:00:06]} 5. a3 {[%clk 01:32:01]} {[%emt 00:00:13]}
Bxc3+ {[%clk 01:32:30]} {[%emt 00:00:08]} 6. bxc3 {[%clk 01:32:21]} {[%emt
00:00:10]} Qa5 {[%clk 01:32:53]} {[%emt 00:00:07]} 7. Bd2 {[%clk 01:32:15]}
{[%emt 00:00:36]} Qa4 {[%clk 01:33:16]} {[%emt 00:00:07]} 8. Qg4 {[%clk
01:31:46]} {[%emt 00:01:00]} g6 {[%clk 01:33:39]} {[%emt 00:00:07]} 9. h4
{[%clk 01:29:34]} {[%emt 00:02:42]} Nc6 {[%clk 01:30:56]} {[%emt 00:03:13]} 10.
h5 {[%clk 01:21:57]} {[%emt 00:08:07]} Qxc2 {[%clk 01:26:07]} {[%emt 00:05:18]}
11. Rc1 {[%clk 01:11:12]} {[%emt 00:11:15]} Qa4 {[%clk 01:24:23]} {[%emt
00:02:14]} 12. Nf3 {[%clk 01:09:01]} {[%emt 00:02:42]} Nge7 {[%clk 01:21:37]}
{[%emt 00:03:16]} 13. Qf4 {[%clk 00:49:22]} {[%emt 00:20:10]} Bd7 {[%clk
01:15:41]} {[%emt 00:06:26]} 14. dxc5 {[%clk 00:36:40]} {[%emt 00:13:12]} Qxf4
{[%clk 01:09:16]} {[%emt 00:06:54]} 15. Bxf4 {[%clk 00:35:49]} {[%emt
00:01:22]} h6 {[%clk 01:08:59]} {[%emt 00:00:48]} 16. hxg6 {[%clk 00:32:00]}
{[%emt 00:04:19]} Nxg6 {[%clk 01:09:20]} {[%emt 00:00:06]} 17. Rxh6 {[%clk
00:26:48]} {[%emt 00:05:44]} Rxh6 {[%clk 01:05:00]} {[%emt 00:04:50]} 18. Bxh6
{[%clk 00:27:08]} {[%emt 00:00:10]} Ncxe5 {[%clk 01:05:25]} {[%emt 00:00:05]}
19. Nxe5 {[%clk 00:27:18]} {[%emt 00:00:20]} Nxe5 {[%clk 01:05:50]} {[%emt
00:00:05]} 20. Bf4 {[%clk 00:25:02]} {[%emt 00:02:47]} f6 {[%clk 01:03:20]}
{[%emt 00:03:00]} 21. c4 {[%clk 00:22:36]} {[%emt 00:02:56]} d4 {[%clk
00:59:04]} {[%emt 00:04:46]} 22. Rd1 {[%clk 00:19:24]} {[%emt 00:03:42]} Nc6
{[%clk 00:43:11]} {[%emt 00:16:23]} 23. Bd6 {[%clk 00:17:25]} {[%emt 00:02:29]}
O-O-O {[%clk 00:38:42]} {[%emt 00:04:58]} 24. f3 {[%clk 00:13:41]} {[%emt
00:04:15]} Rg8 {[%clk 00:37:36]} {[%emt 00:01:36]} 25. Kf2 {[%clk 00:13:01]}
{[%emt 00:01:11]} Be8 {[%clk 00:33:41]} {[%emt 00:04:25]} 26. g4 {[%clk
00:07:44]} {[%emt 00:05:47]} e5 {[%clk 00:25:59]} {[%emt 00:08:12]} 27. Bd3
{[%clk 00:04:06]} {[%emt 00:04:08]} Bg6 {[%clk 00:26:22]} {[%emt 00:00:07]} 28.
Bxg6 {[%clk 00:03:45]} {[%emt 00:00:51]} Rxg6 {[%clk 00:26:49]} {[%emt
00:00:02]} 29. Rh1 {[%clk 00:03:55]} {[%emt 00:00:20]} Rg7 {[%clk 00:27:00]}
{[%emt 00:00:19]} 30. Rh8+ {[%clk 00:02:03]} {[%emt 00:02:22]} Kd7 {[%clk
00:27:17]} {[%emt 00:00:13]} 31. Rf8 {[%clk 00:02:19]} {[%emt 00:00:14]} Ke6
{[%clk 00:23:03]} {[%emt 00:04:44]} 32. Re8+ {[%clk 00:02:46]} {[%emt
00:00:04]} Kf7 {[%clk 00:23:27]} {[%emt 00:00:06]} 33. Rf8+ {[%clk 00:03:12]}
{[%emt 00:00:04]} Kg6 {[%clk 00:23:48]} {[%emt 00:00:09]} 34. f4 {[%clk
00:02:12]} {[%emt 00:01:30]} exf4 {[%clk 00:18:00]} {[%emt 00:06:17]} 35. Bxf4
{[%clk 00:02:26]} {[%emt 00:00:17]} Rd7 {[%clk 00:18:24]} {[%emt 00:00:06]} 36.
Ke2 {[%clk 00:01:43]} {[%emt 00:01:14]} d3+ {[%clk 00:17:12]} {[%emt 00:01:42]}
37. Kd2 {[%clk 00:00:57]} {[%emt 00:01:17]} Rd4 {[%clk 00:17:35]} {[%emt
00:00:06]} 38. Be3 {[%clk 00:00:40]} {[%emt 00:00:48]} Rxg4 {[%clk 00:16:50]}
{[%emt 00:01:15]} 39. Kxd3 {[%clk 00:00:38]} {[%emt 00:00:32]} Ne5+ {[%clk
00:16:56]} {[%emt 00:00:24]} 40. Ke2 {[%clk 00:00:48]} {[%emt 00:00:20]} Kf5
{[%clk 00:04:58]} {[%emt 00:12:27]} 41. Rb8 {[%clk 00:11:39]} {[%emt 00:19:39]}
Rg2+ {[%clk 00:34:50]} {[%emt 00:00:39]} 42. Kd1 {[%clk 00:09:04]} {[%emt
00:03:05]} Rg7 {[%clk 00:35:13]} {[%emt 00:00:06]} 43. Kc2 {[%clk 00:07:27]}
{[%emt 00:02:07]} Ke4 {[%clk 00:29:31]} {[%emt 00:06:12]} 44. Bd2 {[%clk
00:05:46]} {[%emt 00:02:12]} Kd4 {[%clk 00:27:20]} {[%emt 00:02:41]} 45. Bc3+
{[%clk 00:03:28]} {[%emt 00:02:48]} Kxc4 {[%clk 00:27:30]} {[%emt 00:00:20]} 46.
Bxe5 {[%clk 00:03:17]} {[%emt 00:00:41]} fxe5 {[%clk 00:27:54]} {[%emt
00:00:05]} 47. Re8 {[%clk 00:03:38]} {[%emt 00:00:10]} Kd5 {[%clk 00:24:01]}
{[%emt 00:04:23]} 48. Kc3 {[%clk 00:03:04]} {[%emt 00:01:05]} a6 {[%clk
00:22:24]} {[%emt 00:02:07]} 49. Kb4 {[%clk 00:02:38]} {[%emt 00:00:56]} Rg4+
{[%clk 00:22:41]} {[%emt 00:00:13]} 50. Ka5 {[%clk 00:02:16]} {[%emt 00:00:52]}
Rg1 {[%clk 00:19:49]} {[%emt 00:03:22]} 51. Kb6 {[%clk 00:01:25]} {[%emt
00:01:21]} Rb1+ {[%clk 00:20:06]} {[%emt 00:00:13]} 52. Ka7 {[%clk 00:00:43]}
{[%emt 00:01:13]} Rb5 {[%clk 00:19:23]} {[%emt 00:01:12]} 53. a4 {[%clk
00:00:36]} {[%emt 00:00:37]} Rxc5 {[%clk 00:19:15]} {[%emt 00:00:37]} 54. Kb6
{[%clk 00:00:49]} {[%emt 00:00:18]} Rc4 {[%clk 00:19:35]} {[%emt 00:00:10]} 55.
Ka5 {[%clk 00:00:41]} {[%emt 00:00:38]} Rc7 {[%clk 00:18:41]} {[%emt 00:01:24]}
56. Kb6 {[%clk 00:00:42]} {[%emt 00:00:28]} Rd7 {[%clk 00:18:52]} {[%emt
00:00:19]} 57. a5 {[%clk 00:00:36]} {[%emt 00:00:37]} e4 {[%clk 00:18:58]}
{[%emt 00:00:24]} 0-1